| 000 | 01414nac a22004817a 4500 | ||
|---|---|---|---|
| 001 | BR6001498 | ||
| 003 | BR-BrBNA | ||
| 005 | 20240105113007.0 | ||
| 008 | 230509b bl.|||m| |||| 00| 0 por d | ||
| 040 |
_aBR-BrBNA _bpor _cBiblioteca Nacional de Agricultura |
||
| 072 | _aF00; H10; P12 | ||
| 090 | _a1300 BR6001498 | ||
| 100 | 1 | _aTigre, C.B. | |
| 110 | 1 | _aDepartamento Nacional de Obras Contra as Secas, Fortaleza, CE (Brasil) | |
| 245 | 1 | _aA horticultura nas bacias de irrigacao dos postos agricolas [Praga de planta, armazenamento, Brasil] | |
| 260 | 3 |
_aFortaleza, CE (Brasil): _c1947. |
|
| 300 | _a88 p. | ||
| 490 |
_aPublicacao. Serie I-A - Departamento Nacional de Obras Contra as Secas (Brazil) _vno. 147 _x |
||
| 500 | _aSummary (En); 56 illus. | ||
| 650 | _aHORTALICA | ||
| 650 | _aSOLO | ||
| 650 | _aHORTALICA DE BULBO | ||
| 650 | _aHORTALICA FOLHOSA | ||
| 650 | _aDRENAGEM | ||
| 650 | _aREPICAGEM | ||
| 650 | _aIRRIGACAO POR INFILTRACAO | ||
| 650 | _aSECADOR | ||
| 650 | _aESTERQUEIRA | ||
| 650 | _aPRAGA DE PLANTA | ||
| 650 | _aCOLHEITA | ||
| 650 | _aARMAZENAMENTO | ||
| 650 | _aMAO-DE-OBRA | ||
| 650 | _aTOMATE | ||
| 650 | _aALFACE | ||
| 650 | _aBETERRABA | ||
| 650 | _aCENOURA | ||
| 650 | _aFEIJAO | ||
| 650 | _aPIMENTAO | ||
| 650 | _aREPOLHO | ||
| 650 | _aREGIAO NORDESTE | ||
| 909 |
_a202312 _bLúcia Elande _c55 _dLúcia Elande |
||
| 942 |
_2AGRIS _n0 _cMS |
||
| 999 |
_c261313 _d261313 |
||